[Event "Doeberl Cup Minor 47th"]
[Site "Canberra"]
[Date "2009.04.12"]
[Round "6"]
[White "Mollica, David"]
[Black "Beare, Nick"]
[Result "1/2-1/2"]
[WhiteElo "998"]
[BlackElo "1182"]
[PlyCount "97"]
[EventDate "2009.04.10"]
[EventType "swiss"]
[EventRounds "6"]
[EventCountry "AUS"]
[SourceTitle "CBM 129 Extra"]
[Source "ChessBase"]
[SourceDate "2009.05.05"]
[SourceVersion "2"]
[SourceVersionDate "2009.05.20"]
[SourceQuality "1"]

1. Nf3 Nf6 2. c4 Nc6 3. d4 d5 4. cxd5 Qxd5 5. Nc3 Qd8 6. h3 Bf5 7. a3 Qd7 8. Bf4 Rd8 9. e3 a6 10. Bd3 Bxd3 11. Qxd3 e6 12. 0-0 Bd6 13. Bxd6 Qxd6 14. b4 e5 15. Qe2 0-0 16. dxe5 Nxe5 17. Nxe5 Qxe5 18. Qc2 Rd7 19. Rfd1 Rfd8 20. Rxd7 Rxd7 21. Rd1 Rxd1+ 22. Nxd1 b6 23. Qd3 Qd5 24. Nb2 Qxd3 25. Nxd3 Kf8 26. f3 Ke7 27. e4 Nd7 28. Kf2 c5 29. bxc5 Nxc5 30. Ke3 Nxd3 31. Kxd3 Kd6 32. a4 Kc5 33. Kc3 b5 34. axb5 Kxb5 35. Kb3 a5 36. h4 h5 37. g4 hxg4 38. fxg4 a4+ 39. Ka3 Kc4 40. h5 Kd4 41. g5 Ke5 42. h6 gxh6 43. gxh6 Kf6 44. h7 Kg7 45. h8Q+ Kxh8 46. Kxa4 Kg7 47. Kb4 Kf6 48. Kc4 Ke5 49. Kd3 1/2-1/2

[Event "Doeberl Cup Minor 47th"]
[Site "Canberra"]
[Date "2009.04.11"]
[Round "4"]
[White "Mollica, David"]
[Black "Jochimsen, Erik"]
[Result "1/2-1/2"]
[WhiteElo "998"]
[BlackElo "1303"]
[PlyCount "93"]
[EventDate "2009.04.10"]
[EventType "swiss"]
[EventRounds "6"]
[EventCountry "AUS"]
[SourceTitle "CBM 129 Extra"]
[Source "ChessBase"]
[SourceDate "2009.05.05"]
[SourceVersion "2"]
[SourceVersionDate "2009.05.20"]
[SourceQuality "1"]

1. Nf3 d5 2. d4 e6 3. c4 c6 4. Nc3 dxc4 5. a4 Bb4 6. e3 Nf6 7. Bxc4 0-0 8. 0-0 Ba5 9. Bd3 h6 10. Bd2 Bc7 11. Ne4 Nxe4 12. Bxe4 f5 13. Bc2 Nd7 14. Bc3 Nf6 15. b3 Qd6 16. h3 Ne4 17. Bb2 Ng5 18. Ne5 Rd8 19. Ba3 Qd5 20. b4 Bxe5 21. dxe5 Nf7 22. f4 b6 23. Qxd5 cxd5 24. Bb3 Bb7 25. Rac1 Rac8 26. b5 g6 27. Rxc8 Rxc8 28. Rc1 Rxc1+ 29. Bxc1 g5 30. g3 Kf8 31. Bd2 h5 32. a5 bxa5 33. Bxa5 g4 34. h4 a6 35. b6 Nd8 36. Ba4 Nc6 37. Bxc6 Bxc6 38. Kf2 Ke8 39. Ke2 Kd7 40. Bc3 Bb5+ 41. Kd2 Kc6 42. Bd4 a5 43. Kc3 Ba6 44. Kb3 Kb5 45. Kc3 Ka4 46. Bc5 Bb7 47. Kb2 1/2-1/2

[Event "Sydney Centenary U1600"]
[Site "Sydney"]
[Date "2009.01.11"]
[Round "11"]
[White "Bell, Gerry V"]
[Black "Mollica, David"]
[Result "1-0"]
[WhiteElo "1346"]
[BlackElo "1029"]
[PlyCount "107"]
[EventDate "2009.01.02"]
[EventType "swiss"]
[EventRounds "11"]
[EventCountry "AUS"]
[SourceTitle "EXT 2023"]
[Source "ChessBase"]
[SourceDate "2022.10.05"]
[SourceVersion "1"]
[SourceVersionDate "2022.10.05"]
[SourceQuality "1"]

1. d4 Nf6 2. c4 e6 3. a3 b6 4. Nc3 Bb7 5. Nf3 d6 6. e3 Nbd7 7. Bd3 Be7 8. 0-0 0-0 9. Re1 c5 10. b4 cxd4 11. exd4 Re8 12. Bg5 Rc8 13. Rc1 d5 14. c5 a6 15. Qc2 g6 16. Qb2 b5 17. Rc2 Bc6 18. Rce2 Nh5 19. Bd2 Bf6 20. Bc2 Qc7 21. Nd1 Ra8 22. g3 Bg7 23. Bc3 Bh6 24. Bd2 Bg7 25. Bc3 Bh6 26. Ne5 Nxe5 27. Rxe5 Nf6 28. R5e2 Re7 29. Bd2 Bxd2 30. Rxd2 Rae8 31. f4 Ne4 32. Rde2 a5 33. Nf2 Nxf2 34. Rxf2 axb4 35. axb4 f5 36. Bd3 Qd7 37. Ra1 Ra8 38. Rff1 Qc8 39. Rxa8 Qxa8 40. Ra1 Ra7 41. Rxa7 Qxa7 42. Qe2 Qd7 43. Qa2 Kf7 44. Qa5 Qb7 45. Qa2 Qa8 46. Qxa8 Bxa8 47. Bxb5 Ke7 48. Ba4 Kd8 49. b5 Kc8 50. b6 Kb7 51. Be8 Ka6 52. Bf7 Bc6 53. Bxe6 Kb5 54. h4 1-0

[Event "Sydney Centenary U1600"]
[Site "Sydney"]
[Date "2009.01.10"]
[Round "10"]
[White "Mollica, David"]
[Black "Wettstein, Carla"]
[Result "0-1"]
[WhiteElo "1029"]
[BlackElo "1450"]
[PlyCount "104"]
[EventDate "2009.01.02"]
[EventType "swiss"]
[EventRounds "11"]
[EventCountry "AUS"]
[SourceTitle "EXT 2023"]
[Source "ChessBase"]
[SourceDate "2022.10.05"]
[SourceVersion "1"]
[SourceVersionDate "2022.10.05"]
[SourceQuality "1"]

1. Nf3 Nf6 2. c4 d6 3. d4 g6 4. Nc3 Bg7 5. e4 Nc6 6. d5 Ne5 7. Nxe5 dxe5 8. Be2 0-0 9. 0-0 Bd7 10. b4 c6 11. Bg5 Qb6 12. a3 cxd5 13. cxd5 h6 14. Be3 Qd8 15. f3 a6 16. Rc1 Ne8 17. Qd2 Kh7 18. Bd3 Nd6 19. Rc2 Rc8 20. a4 Nc4 21. Bxc4 Rxc4 22. b5 axb5 23. axb5 Qc8 24. Ra1 Bxb5 25. Qc1 Ba6 26. Ra4 b5 27. Rxc4 bxc4 28. Na4 Qc7 29. Nb6 Rb8 30. Nxc4 Bxc4 31. Rxc4 Qb7 32. Rc7 Qb1 33. Qxb1 Rxb1+ 34. Kf2 Bf6 35. d6 exd6 36. Rxf7+ Bg7 37. Rd7 Rb2+ 38. Kg3 Rb3 39. Bf2 Rd3 40. Bb6 Kg8 41. Bc7 Bf8 42. Rd8 Kf7 43. Rd7+ Ke6 44. Rd8 Ke7 45. Ra8 Kf7 46. Ra7 Ke6 47. Ra6 h5 48. h4 Be7 49. Ra8 Kf7 50. Ra5 Rd1 51. Rd5 Rh1 52. Bxd6 Bxh4# 0-1

[Event "Sydney Centenary U1600"]
[Site "Sydney"]
[Date "2009.01.09"]
[Round "9"]
[White "Karayi, Valsalan"]
[Black "Mollica, David"]
[Result "1/2-1/2"]
[WhiteElo "1430"]
[BlackElo "1029"]
[PlyCount "112"]
[EventDate "2009.01.02"]
[EventType "swiss"]
[EventRounds "11"]
[EventCountry "AUS"]
[SourceTitle "EXT 2023"]
[Source "ChessBase"]
[SourceDate "2022.10.05"]
[SourceVersion "1"]
[SourceVersionDate "2022.10.05"]
[SourceQuality "1"]

1. e4 c5 2. Nf3 e6 3. d4 cxd4 4. Nxd4 Nc6 5. Be3 Qc7 6. Nc3 a6 7. a3 Nf6 8. Be2 Be7 9. 0-0 d6 10. Kh1 0-0 11. f4 Rd8 12. Bd3 e5 13. Nf5 Bxf5 14. exf5 Rac8 15. Qe2 b5 16. g4 Nd4 17. Bxd4 exd4 18. Ne4 Nxe4 19. Qxe4 d5 20. Qxd4 Bc5 21. Qc3 d4 22. Qd2 Re8 23. Rae1 Re3 24. Qg2 Rce8 25. Re2 Qb8 26. Rf3 Rxe2 27. Bxe2 Re3 28. Bd3 Re1+ 29. Rf1 Qe8 30. Rxe1 Qxe1+ 31. Qf1 Qxf1+ 32. Bxf1 b4 33. axb4 Bxb4 34. Kg2 a5 35. b3 Kf8 36. Kf3 Ke7 37. Ke4 Bc3 38. Kd5 h6 39. Bd3 Kf6 40. h4 Ke7 41. g5 f6 42. gxh6 gxh6 43. h5 Bb2 44. Kc5 Bc3 45. Bb5 Bb2 46. Bc4 Bc3 47. Kb5 Kd6 48. Bd3 Ke7 49. Kc5 Bb2 50. b4 axb4 51. Kxb4 Kd6 52. Kc4 Bc3 53. Be4 Ke7 54. Kc5 Kf8 55. Kd6 Kg7 56. Ke7 Bb2 1/2-1/2

[Event "Sydney Centenary U1600"]
[Site "Sydney"]
[Date "2009.01.07"]
[Round "7"]
[White "Mollica, David"]
[Black "Tracey, Michael"]
[Result "1-0"]
[WhiteElo "1029"]
[BlackElo "1450"]
[PlyCount "101"]
[EventDate "2009.01.02"]
[EventType "swiss"]
[EventRounds "11"]
[EventCountry "AUS"]
[SourceTitle "EXT 2023"]
[Source "ChessBase"]
[SourceDate "2022.10.05"]
[SourceVersion "1"]
[SourceVersionDate "2022.10.05"]
[SourceQuality "1"]

1. Nf3 c5 2. c4 Nc6 3. d4 cxd4 4. Nxd4 Nf6 5. Nf3 g6 6. a3 Bg7 7. Nc3 0-0 8. e4 d6 9. h3 Bd7 10. Qc2 a6 11. Be2 Rc8 12. Rb1 h6 13. Be3 e6 14. Qd2 Na5 15. b3 b5 16. Bxh6 bxc4 17. bxc4 Nxc4 18. Bxc4 Rxc4 19. Bxg7 Kxg7 20. Rb4 Qc7 21. Rxc4 Qxc4 22. e5 dxe5 23. Nxe5 Qc7 24. Nxd7 Qxd7 25. Qxd7 Nxd7 26. 0-0 Rc8 27. Rc1 Nb6 28. Ne2 Rxc1+ 29. Nxc1 Kf6 30. Kf1 Ke5 31. Nd3+ Kd4 32. Nb4 Kc3 33. Nxa6 Kb3 34. Nb8 e5 35. Ke2 Nc4 36. Kd3 Nxa3 37. Nc6 Nc4 38. g3 f5 39. f3 Nd6 40. Nxe5 g5 41. f4 gxf4 42. gxf4 Ne4 43. h4 Nf6 44. Kd4 Kc2 45. Ng6 Ng4 46. Kd5 Kd3 47. Ke6 Nh6 48. Ne7 Ke4 49. Ng6 Ng4 50. h5 Nh6 51. Kf6 1-0